01318cam a22003374a 45000010009000000050017000090080041000260100017000670200015000840250027000990350026001260370063001520400018002150420010002330430021002430500020002640820013002841000025002972450094003222600036004163000021004524900046004735040064005196500030005836500030006136500034006436500030006778560076007078560091007838560106008741519542720170105102839.0080116s2008 ii b 001 0 eng  a 2008336646 a0415456843 aI-E-2008-336646; 63-91 a(IN-NdUBS)UBS08000113 bLibrary of Congress -- New Delhi Overseas OfficecRs595.00 aDLCcDLCdDLC alcode aa-ii---aa-ce---00aU241b.R34 2008 a355.02181 aRajagopalan, Rajesh.10aFighting like a guerrilla :bthe Indian Army and counterinsurgency /cRajesh Rajagopalan. aNew Delhi :bRoutledge,cc2008. a217 p. ;c23 cm.0 aStudies in war and international politics aIncludes bibliographical references (p. 189-205) and index. 0aCounterinsurgencyzIndia. 0aGuerrilla warfarezIndia. 0aGuerrilla warfarezSri Lanka. 0aMilitary doctrinezIndia.413Table of contentsuhttp://www.loc.gov/catdir/toc/fy0804/2008336646.html423Publisher descriptionuhttp://www.loc.gov/catdir/enhancements/fy0908/2008336646-d.html423Contributor biographical informationuhttp://www.loc.gov/catdir/enhancements/fy1008/2008336646-b.html